Score 0/25 Timer 06:00
33 Plays Today
% Correct
Forrest Gump
96.9%
Men in Black
96.3%
Austin Powers: International Man of Mystery
95.6%
Toy Story
95.6%
Pulp Fiction
92.1%
Jumanji
92%
The Shawshank Redemption
89.5%
Liar Liar
87.2%
Wayne’s World
87.2%
The Blair Witch Project
86.5%
Happy Gilmore
85.1%
GoodFellas
84.1%
Casino
80.9%
% Correct
The Usual Suspects
78.4%
Notting Hill
75.2%
Dances with Wolves
72.2%
Interview with the Vampire
68.1%
Kingpin
60.7%
Rudy
54.9%
Young Guns II
53.1%
Of Mice & Men
49.7%
Ed Wood
48.9%
The Quick & the Dead
35.5%
The Virgin Suicides
22%
Zebrahead
4.9%
Remove Ads.
Support Sporcle.
Get the best of Sporcle when you Go Orange. This ad-free experience offers more features, more stats, and more fun while also helping to support Sporcle. Thank you for becoming a member.

You're not logged in!

Compare scores with friends on all Sporcle quizzes.
OR
Log In

Show Comments

Extras

Top Quizzes Today


Score Distribution

Your Account Isn't Verified!

In order to create a playlist on Sporcle, you need to verify the email address you used during registration. Go to your Sporcle Settings to finish the process.

Report this User

Report this user for behavior that violates our Community Guidelines.

Details: